000 00706nam a22002297a 4500
999 _c15533
_d15533
003 AR-CdUCM
008 190429b ||||| |||| 00| 0 spa d
040 _aMUNICIPALIDAD PROVINCIAL DEL CUSCO
_cBIBLIOTECA MUNICIPAL DEL CUSCO
082 _a869.56 /
_bC77 / 1956
100 _aCorcuera, Arturo
_94604
245 _aCuaderno de poesía /
260 _aArequipa :
_bAnea,
_c1956.
300 _a48 páginas ;
_bIlustraciones,
_c23 cm.
505 _aContenido: Poesía
650 _aLiteratura peruana
_9169
650 _aPoesía
_9139
700 _aEnrique, Juan
_934633
700 _aGuerra, José
_934634
700 _aLarrea Blanes, Federico
_923208
942 _2ddc
_cLIBROS
945 _aacv
_d2019-04-29